007 Movies - Statistics

General Stats
  • This quiz has been taken 460 times
    381 since last reset
  • The average score is 17 of 26
Answer Stats
Hint Answer % Correct
1962 Dr. No
91%
1967 Casino Royale
89%
2006 Casino Royale
89%
1964 Goldfinger
86%
2012 Skyfall
85%
1963 From Russia with Love
81%
1995 GoldenEye
81%
2015 Spectre
77%
1983 Octopussy
74%
2008 Quantum of Solace
71%
1971 Diamonds Are Forever
68%
1979 Moonraker
68%
1965 Thunderball
64%
1973 Live and Let Die
63%
1967 You Only Live Twice
62%
1977 The Spy Who Loved Me
60%
1974 The Man with the Golden Gun
59%
1997 Tomorrow Never Dies
59%
2002 Die Another Day
58%
1969 On Her Majesty's Secret Service
58%
1999 The World Is Not Enough
54%
1985 A View to a Kill
52%
1983 Never Say Never Again
46%
1987 The Living Daylights
46%
1981 For Your Eyes Only
43%
1989 Licence to Kill
41%
No matching quizzes found
Score Distribution
Percent of People with Each Score
Percentile by Number Answered
Your Score History
You have not taken this quiz since the last reset